Философия: учебник

Sonraí bibleagrafaíochta
Príomhchruthaitheoir: Алексеев П. В. Петр Васильевич
Rannpháirtithe: Панин А. В.
Teanga:Rúisis
Foilsithe / Cruthaithe: Москва, Проспект, 1998
Eagrán:2-е изд., перераб. и доп.
Ábhair:
Formáid: LEABHAR
KOHA link:https://koha.lib.tpu.ru/cgi-bin/koha/opac-detail.pl?biblionumber=9786

MARC

LEADER 00000nam0a2200000 4500
001 9786
005 20231101204659.0
010 |a 5798600122 
035 |a (RuTPU)RU\TPU\book\9841 
035 |a BOOK00009903 
090 |a 9786 
100 |a 20011209d1998 m y0rusy50 ca 
101 0 |a rus 
102 |a RU 
105 |a y j 000zy 
200 1 |a Философия  |e учебник  |f П. В. Алексеев, А. В. Панин 
205 |a 2-е изд., перераб. и доп. 
210 |a Москва  |c Проспект  |d 1998 
215 |a 568 с. 
451 1 |0 (RuTPU)RU\TPU\book\12147  |y 5836900221  |t Философия  |o учебник  |f П. В. Алексеев, А. В. Панин  |e 2-е изд., перераб. и доп.  |c Москва  |n Проспект  |d 1999  |p 567 с.  |a Алексеев, П. В. 
451 |y 5-8369-0060-4 
606 |a Философия  |2 stltpush  |3 (RuTPU)RU\TPU\subj\63880  |9 80812 
610 1 |a учебные пособия 
610 1 |a метафилософия 
610 1 |a познание 
610 1 |a онтология 
686 |a Ю0/3я73  |v LBC/SL-A  |2 rubbk 
700 1 |a Алексеев  |b П. В.  |g Петр Васильевич 
701 1 |a Панин  |b А. В. 
801 0 |a RU  |b 63413507  |c 20011209  |g PSBO 
801 2 |a RU  |b 63413507  |c 20211015  |g PSBO 
900 |a Философия 
942 |c BK